[Event "Tournament for the 21st Century"]
[Site "Subotica YUG"]
[Date "2000.12.20"]
[Round "3"]
[White "Solak,D"]
[Black "Grigoriants,S RUS"]
[Result "1-0"]
[WhiteElo "2490"]
[BlackElo "2503"]

1.e4 c5 2.Nc3 Nc6 3.Bb5 g6 4.Bxc6 bxc6 5.d3 Bg7 6.Nge2 d6 7.O-O f5 8.exf5 Bxf5
9.d4 cxd4 10.Nxd4 Qd7 11.Nxf5 Qxf5 12.Re1 Be5 13.Ne4 Qh5 14.Nxd6+ exd6 15.Qxh5 gxh5
16.f4 Kd7 17.fxe5 Re8 18.Bf4 Ne7 19.exd6 Ng6 20.Be3 Kxd6 21.Rad1+ Kc7 22.Bxa7 Rxe1+
23.Rxe1 Ra8 24.Bc5 Rxa2 25.Ba3 c5 26.Kf2 Kc6 27.c4 Kd6 28.Ke3 Ne5 29.Rc1 Nc6
30.Rd1+ Ke6 31.Kd3  1-0

[Event "Tournament for the 21st Century"]
[Site "Subotica YUG"]
[Date "2000.12.21"]
[Round "4"]
[White "Sedlak,N"]
[Black "Shariyazdanov,A"]
[Result "0-1"]
[WhiteElo "2423"]
[BlackElo "2582"]

1.e4 c5 2.Nf3 Nc6 3.Nc3 e5 4.Bc4 Be7 5.d3 d6 6.Nd2 Nf6 7.Nf1 Bg4 8.f3 Be6
9.Ne3 O-O 10.O-O a6 11.a3 Nd7 12.Ncd5 Bg5 13.g3 Bxe3+ 14.Bxe3 Kh8 15.c3 Ne7
16.Nxe7 Qxe7 17.Bxe6 Qxe6 18.d4 exd4 19.cxd4 f5 20.dxc5 dxc5 21.Qd5 Qxd5
22.exd5 Rae8 23.Rfe1 Ne5 24.Bxc5 Nxf3+ 25.Kh1 Nxe1 26.Bxf8 Nd3 27.Bb4 Rd8
28.Bc3 Rxd5 29.Kg2 Kg8 30.b4 Kf7 31.Rf1 g5 32.Rf3 h5 33.h3 f4 34.Rf1 Kg6
35.Kf3 fxg3 36.Kxg3 Nf4 37.Rf3 h4+ 38.Kf2 Rd1 39.Re3 Rd3 40.Rxd3 Nxd3+ 41.Kg2 Nf4+
42.Kh2 b5  0-1

[Event "17th Open"]
[Site "Boblinger GER"]
[Date "2000.12.27"]
[Round "2"]
[White "Kalod,R"]
[Black "Vehreschild,A"]
[Result "1-0"]
[WhiteElo "2483"]
[BlackElo "2114"]

1.Nf3 c5 2.e4 Nc6 3.Nc3 g6 4.Bb5 Bg7 5.Bxc6 bxc6 6.e5 Ba6 7.d3 Qc7 8.Qe2 Nh6
9.O-O O-O 10.Ne4 Rae8 11.Nxc5 Bc8 12.Re1 Ng4 13.h3 Nxe5 14.Nxe5 d6 15.Bf4 dxe5
16.Bxe5 Bxe5 17.Qxe5 Qb6 18.Qc3 h5 19.Re3 Bf5 20.Rae1 Rb8 21.b3  1-0

[Event "1st Wilhelm Steinitz Mem B"]
[Site "Prague CZE"]
[Date "2000.12.27"]
[Round "2"]
[White "Livshits,G"]
[Black "Jirovsky,Pe"]
[Result "0-1"]
[WhiteElo "2217"]
[BlackElo "2360"]

1.e4 c5 2.Nc3 Nc6 3.Nge2 e5 4.g3 g6 5.Nd5 Bg7 6.d3 d6 7.Bg2 Be6 8.Be3 Nge7
9.Qd2 h6 10.a3 Nd4 11.h3 Nxd5 12.exd5 Bd7 13.b4 b6 14.Nc3 O-O 15.Rb1 Kh7
16.Nd1 f5 17.c3 Nb5 18.a4 Nc7 19.b5 a6 20.c4 axb5 21.axb5 Ra3 22.O-O f4 23.gxf4 Qh4
24.fxe5 dxe5 25.f3 Bxh3 26.Nf2 Bf5 27.Ne4 Rfa8 28.Rfd1 Ne8 29.Qe2 Qe7 30.Qe1 g5
31.Ra1 Nf6 32.Bf2 Nh5 33.Rxa3 Rxa3 34.d4 exd4 35.d6 Qd8 36.Ng3 Nxg3 37.Bxg3 Re3
38.Qf2 h5 39.f4 g4 40.Bh4 Qd7 41.Bc6 Qe6 42.d7 g3 43.Qg2 Bh3 44.Qd2 d3 45.d8=Q Bd4
46.Qxd4 cxd4 47.Ra1 Kg6 48.c5 Bf5 49.Qg2 Re1+ 50.Rxe1 Qxe1+ 51.Qf1 d2 52.Bf3 Bd3  0-1

[Event "Tournament for the 21st Century"]
[Site "Subotica YUG"]
[Date "2000.12.27"]
[Round "9"]
[White "Solak,D"]
[Black "Perunovic,Mil"]
[Result "0-1"]
[WhiteElo "2490"]
[BlackElo "2426"]

1.e4 c5 2.Nc3 Nc6 3.Bb5 Nd4 4.Bc4 g6 5.Nf3 Bg7 6.Nxd4 cxd4 7.Qf3 Nf6 8.Nb5 O-O
9.Nxd4 d5 10.exd5 e5 11.Ne2 b5 12.Bxb5 e4 13.Qg3 Qxd5 14.Nc3 Qf5 15.d3 Nh5
16.Qg5 Qxg5 17.Bxg5 Rb8 18.Be7 Bxc3+ 19.bxc3 Rxb5 20.Bxf8 Kxf8 21.O-O-O Bg4
22.Rd2 exd3 23.cxd3 Nf4 24.g3 Ne6 25.Kc2 Bf5 26.Rb1 Ra5 27.Rb8+ Ke7 28.Kb3 Kd6
29.d4 Kc7 30.Rb4 Rd5 31.Kc4 Kc6 32.Rb8 Ng5 33.Kb3 Ne4 34.Re2 Nd6 35.Rd2 Be6
36.c4 Rb5+ 37.Rxb5 Bxc4+ 38.Kb4 Bxb5 39.d5+ Kb6 40.Rb2 Bc4 41.Kc3+ Kc5 42.Rb8 Bxd5
43.Kd3 Bxa2 44.Ra8 Bc4+ 45.Kc3 a6 46.f3 Be2 47.Kd2 Bb5 48.g4 Bc6 49.Rxa6 Bxf3
50.g5 Bb7 51.Ra4 Kd5 52.Ke3 Ke5 53.Ra5+ Bd5 54.Ke2 Ne4 55.h4 Kf4 56.Kd3 Be6
57.Ra4 Bf5 58.Ra7 Nxg5+ 59.Ke2 Nf3 60.Rxf7 h5  0-1

[Event "Christmas Open"]
[Site "Zurich SUI"]
[Date "2000.12.28"]
[Round "4"]
[White "Kamber,B"]
[Black "Ikonnikov,V"]
[Result "1/2-1/2"]
[WhiteElo "2370"]
[BlackElo "2548"]

1.e4 c5 2.Nc3 Nc6 3.Bb5 Nd4 4.Bc4 e6 5.Nge2 Ne7 6.O-O Nec6 7.d3 Be7 8.Nxd4 cxd4
9.Ne2 O-O 10.Bb3 Kh8 11.Kh1 b6 12.Bd2 Bb7 13.f4 f5 14.exf5 exf5 15.Ng1  1/2-1/2

[Event "1st Wilhelm Steinitz Mem B"]
[Site "Prague CZE"]
[Date "2000.12.31"]
[Round "6"]
[White "Livshits,G"]
[Black "Trichkov,V"]
[Result "1/2-1/2"]
[WhiteElo "2217"]
[BlackElo "2333"]

1.e4 c5 2.Nc3 Nc6 3.Nge2 d6 4.d4 cxd4 5.Nxd4 Nf6 6.g3 Bg4 7.f3 Bd7 8.Be3 e6
9.Bg2 a6 10.O-O Be7 11.Kh1 Qc7 12.a4 O-O 13.g4 Nxd4 14.Qxd4 Bc6 15.g5 Nd7
16.a5 Rfe8 17.Qd2 Ne5 18.Qe2 Bd7 19.Bb6 Qc4 20.Qe1 Qb4 21.Nd5 Qxe1 22.Nxe7+ Rxe7
23.Rfxe1 Rc8 24.Rec1 Nc4 25.Bd4 e5 26.Bc3  1/2-1/2

[Event "Australian Open"]
[Site "Canberra AUS"]
[Date "2001.01.02"]
[Round "5"]
[White "Zhao Zong Yuan"]
[Black "Sutherland,J"]
[Result "1/2-1/2"]
[WhiteElo "2341"]
[BlackElo "2056"]

1.e4 c5 2.Nf3 Nc6 3.Nc3 e5 4.Bc4 Be7 5.d3 d6 6.Nd2 Bg5 7.h4 Bh6 8.Qh5 g6
9.Qe2 Nd4 10.Qd1 Be6 11.Nf1 Bxc1 12.Qxc1 Qd7 13.Ne3 Ne7 14.Ncd5 Bxd5 15.Bxd5 f5
16.c3 f4 17.cxd4 fxe3 18.Qxe3 Nxd5 19.exd5 cxd4 20.Qg5 Qf5 21.Rc1 Qxg5 22.hxg5 Kd7
23.Ke2 Rac8 24.Rxc8 Kxc8 25.g3 Kc7 26.Rh2 Kb6 27.Kf3 Rf8+ 28.Ke4 Rf7 29.f4 Re7
30.f5 gxf5+ 31.Kxf5 Rg7 32.Kf6 Rg6+ 33.Kf5 Rg7 34.b4 Kb5 35.Kf6 Rg6+ 36.Kf5 Rg7
37.Rh6 Kxb4 38.Rxd6 Kc3 39.Re6 Kxd3 40.d6 e4 41.Rxe4 Rd7 42.Re7 Rxd6 43.Rxh7 Rd5+
44.Kf6 Ke4 45.g6 Rf5+ 46.Ke6 Rg5 47.Rh4+ Ke3 48.Kf7 d3 49.Rh8 d2 50.Re8+ Kf2
51.Rd8 Ke2 52.Re8+ Kd3 53.Rd8+ Kc2  1/2-1/2

[Event "108th ch-NZL"]
[Site "Auckland NZL"]
[Date "2001.01.03"]
[Round "4"]
[White "Mc Laren,L"]
[Black "Garbett,P"]
[Result "1/2-1/2"]
[WhiteElo "2250"]
[BlackElo "2368"]

1.e4 c5 2.Nc3 Nc6 3.Bb5 g6 4.Bxc6 bxc6 5.d3 Bg7 6.Nge2 d6 7.Be3 Rb8 8.b3 Nf6
9.h3 e5 10.Qd2 O-O 11.Bh6 Re8 12.Bxg7 Kxg7 13.O-O Qe7 14.Rae1 Nd7 15.Nd1 Rf8
16.Ng3 Qh4 17.Kh2 Nf6 18.f3 Be6 19.Qf2 Kh8 20.Ne2 Qxf2 21.Rxf2 d5 22.Nec3 Nd7
23.f4 exf4 24.Rxf4 Kg7 25.exd5 cxd5 26.Ra4 Rb7 27.d4 Rc8 28.Ne2 Bf5 29.Ne3 Be4
30.dxc5 Nxc5 31.Ra5 Ne6 32.c4 dxc4 33.Nxc4 Rd8 34.Nf4 Bf5 35.Rxf5 gxf5 36.Rxe6 fxe6
37.Nxe6+ Kf6 38.Nxd8 Rc7 39.Na5 Rc2 40.a4 f4 41.Kg1 Kf5 42.Ndc6 Ke4 43.Nc4 a5
44.Kf1 h5 45.h4 Rc1+ 46.Ke2 Kf5 47.N6xa5 Kg4 48.b4 Kg3 49.Nd2 Ra1 50.Nac4 Rxa4
51.b5 Kxg2 52.Ne5 Rb4 53.Nd3 Rxb5 54.Nxf4+ Kg3 55.Nxh5+ Rxh5 56.Ke3  1/2-1/2

[Event "It"]
[Site "Reggio Emilia ITA"]
[Date "2001.01.06"]
[Round "8"]
[White "Drei,A"]
[Black "Tomescu,V"]
[Result "0-1"]
[WhiteElo "2350"]
[BlackElo "2432"]

1.e4 c5 2.Nf3 Nc6 3.Nc3 d6 4.d4 cxd4 5.Nxd4 Nf6 6.Bg5 e6 7.Qd3 a6 8.O-O-O Bd7
9.Be2 Rc8 10.f4 Be7 11.Nb3 Qc7 12.Kb1 b5 13.Bxf6 gxf6 14.Bh5 b4 15.Ne2 a5
16.Nbd4 Nxd4 17.Nxd4 O-O 18.Rhf1 a4 19.Rf3 Kh8 20.Rc1 Qc4 21.Qd2 e5 22.fxe5 dxe5
23.Nf5 Be6 24.b3 axb3 25.Rxb3 Bxf5 26.exf5 Rcd8 27.Rd3 e4 28.Rxd8 Rxd8 29.Qe2 Qc3
30.Qxe4 Bc5 31.Qf3 Be3 32.Bxf7 Bxc1 33.Qxc3 bxc3 34.Kxc1 Rd2 35.a4 Kg7 36.Bc4 Rxg2
37.Kb1 Rxh2 38.a5 Rh4 39.Bb3 Rb4  0-1

[Event "Troll Masters"]
[Site "Gausdal NOR"]
[Date "2001.01.07"]
[Round "3"]
[White "Reefat,S"]
[Black "Ekeberg,C"]
[Result "1/2-1/2"]
[WhiteElo "2458"]
[BlackElo "2104"]

1.e4 c5 2.Nf3 Nc6 3.Nc3 e5 4.Bc4 d6 5.d3 Be7 6.Nd2 Bg5 7.Nf1 Bxc1 8.Rxc1 Nge7
9.Ne3 O-O 10.O-O Ng6 11.g3 Bh3 12.Ng2 Qg5 13.Nd5 Nf4 14.Nde3 Nd4 15.Kh1 Nxg2
16.Nxg2 Bg4 17.f4 Qh5 18.Qd2 Ne2 19.Qe3 Nxc1 20.Qxc1 Qh6 21.Ne3 Bh3 22.Rf3 Qh5
23.Rf2 exf4 24.gxf4 Be6 25.f5 Bxc4 26.Nxc4 d5 27.exd5 Rad8 28.Ne3 Rfe8 29.c4 Re5
30.Nf1 Qh4 31.Ng3 Rde8 32.Kg2 Qg4 33.Qf4 Qd1 34.Ne4 b6 35.f6 Qxd3 36.Ng3 Qd4
37.Qxd4 cxd4 38.Rd2 gxf6 39.Rxd4 Kf8 40.b4 Rc8 41.Ne4 f5 42.Nd6 Rd8 43.c5 Rxd6
44.cxd6 Ke8 45.Kf3 Kd7 46.Rh4 Kxd6 47.Rxh7 Rxd5 48.Rxf7 Rd2 49.Rxa7  1/2-1/2

[Event "Keres Mem Rapid Women"]
[Site "Tallinn EST"]
[Date "2001.01.07"]
[Round "7"]
[White "Voronova,T"]
[Black "Cmilyte,V"]
[Result "1/2-1/2"]
[WhiteElo "2278"]
[BlackElo "2335"]

1.e4 c5 2.Nf3 Nc6 3.Nc3 d6 4.Bb5 Bd7 5.O-O Nf6 6.Bxc6 Bxc6 7.e5 dxe5 8.Nxe5 Qc7
9.Nxc6 Qxc6 10.d3 e6 11.Qe2 Be7 12.a4  1/2-1/2

[Event "Czech Extra League 2000-1"]
[Site "CZE"]
[Date "2001.01.13"]
[Round "4"]
[White "Kovalev,A"]
[Black "Mudrak,J"]
[Result "1-0"]
[WhiteElo "2544"]
[BlackElo "2363"]

1.e4 c5 2.Nf3 Nc6 3.Nc3 e5 4.Bc4 d6 5.d3 Be7 6.O-O Nf6 7.Ng5 O-O 8.f4 h6
9.Nf3 exf4 10.Bxf4 Na5 11.Bd5 Nxd5 12.Nxd5 Re8 13.Qe1 Bf8 14.Qg3 Re6 15.Bd2 Nc6
16.Bc3 Ne7 17.Nf4 d5 18.Nxe6 Bxe6 19.Ne5 Qc7 20.Rf3 Nc6 21.exd5 Bxd5 22.Nxc6 Qxg3
23.Rxg3 Bxc6 24.Re1 b6 25.Bf6 g6 26.c3 Rc8 27.Rge3 Bd7 28.Be7 Bg7 29.Bd6 Be6
30.Be5 Bf8 31.a4 a5 32.c4 Kh7 33.b3 Rc6 34.Kf1 h5 35.h3 Bh6 36.Rf3 g5 37.Rf2 Kg6
38.Rf6+ Kh7 39.Re4 Bg7 40.Rf2 Bh6 41.d4 cxd4 42.Rxd4 g4 43.Rd8 Bg5 44.Rb8 Kg6
45.hxg4 f6 46.Bf4 Bxg4 47.Bxg5 Kxg5 48.Rg8+ Kh6 49.Rd2 Re6 50.Kf2  1-0

[Event "Czech Extra League 2000-1"]
[Site "CZE"]
[Date "2001.01.14"]
[Round "5"]
[White "Michalek,J"]
[Black "Nun,Ji"]
[Result "1/2-1/2"]
[WhiteElo "2345"]
[BlackElo "2371"]

1.e4 c5 2.Nf3 Nc6 3.Nc3 e5 4.Bc4 Be7 5.d3 d6 6.Nd2 Bg5 7.Nf1 Bxc1 8.Rxc1 Nf6
9.Ne3 a6 10.a3 b5 11.Bd5 Nxd5 12.Ncxd5 Be6 13.O-O  1/2-1/2

[Event "ch-POL Boys U16"]
[Site "Zakopane POL"]
[Date "2001.01.17"]
[Round "2"]
[White "Tekielak,S"]
[Black "Slezak,R"]
[Result "1/2-1/2"]
[WhiteElo "2157"]
[BlackElo "2105"]

1.e4 c5 2.Nc3 Nc6 3.Bb5 Nd4 4.a4 g6 5.Nge2 Nxb5 6.Nxb5 d6 7.O-O Bg7 8.c3 Nf6
9.d3 a6 10.Na3 Rb8 11.Nc2 b5 12.Ne3 O-O 13.Ng3 Bb7 14.Ng4 Nxg4 15.Qxg4 Qc8
16.Qxc8 Rfxc8 17.axb5 axb5 18.Ra7 h6 19.Bd2 Kf8 20.Rfa1 Ra8 21.Kf1 Ke8 22.h4 h5
23.Bg5 Rxa7 24.Rxa7 Rc7 25.Ke2 Kd7 26.f3 Kc6 27.Nf1 Kb6 28.Ra1 Rd7 29.g4 hxg4
30.fxg4 d5 31.exd5 Bxd5 32.Ne3 Bc6 33.h5 f6 34.Bh4 g5 35.Bf2 e6 36.b4 cxb4
37.h6 Bh8 38.Nd5+ Kb7 39.Ra7+ Kb8 40.Nxb4 Bb7 41.Kd2 Kc8 42.Na6 Bf3 43.Rxd7 Kxd7
44.Nc5+ Ke7 45.Ne4 Bxg4 46.Bc5+ Kf7 47.Nd6+ Kg6 48.Nxb5 Kxh6 49.Bd6 f5 50.c4 f4
51.c5 e5 52.c6 Kg6 53.c7 Kf7 54.Bc5 Bd7 55.Nd6+ Ke6 56.c8=Q Bxc8 57.Nxc8 g4
58.Nd6 Bg7 59.Ne4 Bh6  1/2-1/2

[Event "Anibal Open"]
[Site "Linares ESP"]
[Date "2001.01.18"]
[Round "11"]
[White "Reinaldo Castineira,R"]
[Black "Eljanov,P"]
[Result "1/2-1/2"]
[WhiteElo "2442"]
[BlackElo "2556"]

1.e4 c5 2.Nc3 Nc6 3.Nge2 Nf6 4.d4 cxd4 5.Nxd4 e5 6.Ndb5 d6 7.Bg5 a6 8.Na3 b5
9.Bxf6 gxf6 10.Nd5 f5 11.g3 Bg7 12.Bg2 O-O 13.exf5 e4 14.c3 Bxf5 15.O-O Ne5
16.Ne3 Bg6 17.Qd5 Rc8 18.Bxe4 Rc5 19.Qb7 Rc7 20.Qd5 Rc5 21.Qb7 Rc7 22.Qd5  1/2-1/2

[Event "Corus Reserve Gp"]
[Site "Wijk aan Zee NED"]
[Date "2001.01.18"]
[Round "3"]
[White "De Mie,M"]
[Black "Ludden,GJ"]
[Result "0-1"]
[WhiteElo "2150"]
[BlackElo "2263"]

1.e4 c5 2.Nf3 Nc6 3.Nc3 g6 4.d4 cxd4 5.Nxd4 Bg7 6.Be3 d6 7.Bc4 Nf6 8.h3 O-O
9.Bb3 Bd7 10.O-O Rc8 11.f4 Qa5 12.Qd3 a6 13.Rae1 Qh5 14.Rf3 Qa5 15.Rff1 e6
16.Nxc6 Bxc6 17.f5 gxf5 18.exf5 e5 19.Bg5 Qb6+ 20.Kh2 Qc7 21.Qg3 Kh8 22.Qh4 Qd8
23.Bd5 h6 24.Bxc6 Rxc6 25.Ne4 d5 26.Bxf6 Rxf6 27.Nxf6 Qxf6 28.Qxf6 Bxf6 29.Rd1 Rd8
30.Rfe1 Kg7 31.Re3 Rd6 32.Rg3+ Kf8 33.Rc3 d4 34.Rc8+ Kg7 35.Rc7 Rb6 36.c3 Rxb2
37.cxd4 exd4 38.Kg1 b5 39.a4 bxa4 40.Rc6 a3 41.Rxa6 a2 42.Kf1 d3 43.Rxd3 Rb1+
44.Kf2 a1=Q 45.Rxa1 Rxa1 46.Rg3+ Kf8 47.Rf3 Ra2+ 48.Kg1 h5 49.Rf1 Bd4+ 50.Kh2 Kg7
51.Rd1 Be5+ 52.Kg1 Ra1 53.Rxa1 Bxa1 54.f6+ Kxf6 55.Kh1 Kf5 56.Kh2 Kf4 57.Kh1 Kg3
58.Kg1 Bd4+ 59.Kh1 f6 60.h4 Kxh4 61.Kh2 Kg4 62.Kh1 h4 63.Kh2 Be5+ 64.Kh1 h3
65.gxh3+ Kxh3 66.Kg1 Kg3 67.Kh1 Kf3 68.Kg1 Bd4+ 69.Kf1 f5 70.Ke1 f4 71.Kf1 Bc5
72.Ke1 Kg2 73.Kd2 f3 74.Kd3 f2 75.Ke4 f1=R  0-1

[Event "17th Open"]
[Site "Geneva SUI"]
[Date "2001.01.20"]
[Round "1"]
[White "Delanoy,A"]
[Black "Korotylev,A"]
[Result "0-1"]
[WhiteElo "2184"]
[BlackElo "2554"]

1.e4 c5 2.Nc3 Nc6 3.Nf3 d6 4.d4 cxd4 5.Nxd4 Nf6 6.Bc4 e6 7.Be3 a6 8.Bb3 Be7
9.O-O O-O 10.f4 Nxd4 11.Bxd4 b5 12.a3 Bb7 13.Qe1 a5 14.Rd1 b4 15.axb4 axb4
16.e5 bxc3 17.exf6 Bxf6 18.Qxc3 Bxd4+ 19.Qxd4 Qa5 20.Qxd6 Rad8 21.Qe5 Qb6+
22.Kh1 Qf2 23.Qg5 Rd2 24.Rg1 Bxg2+ 25.Qxg2 Qxg2+ 26.Rxg2 Rxd1+ 27.Rg1 Rfd8
28.Ba4 Rxg1+ 29.Kxg1 Rd4 30.b3 Rxf4 31.c4 Kf8  0-1

[Event "Tch-AUT 2000-01"]
[Site "Graz AUT"]
[Date "2001.01.20"]
[Round "7"]
[White "Volke,K"]
[Black "Nataf,IA"]
[Result "1/2-1/2"]
[WhiteElo "2476"]
[BlackElo "2552"]

1.e4 c5 2.Nf3 Nc6 3.Nc3 e5 4.Bc4 Be7 5.d3 d6 6.Nd2 Nf6 7.Nf1 Bg4 8.f3 Be6
9.Bxe6 fxe6 10.Ne2 O-O 11.Nfg3 d5 12.O-O dxe4 13.Nxe4 Nxe4 14.fxe4 Rxf1+
15.Qxf1 Nb4 16.Qd1 c4 17.Be3 cxd3 18.cxd3 Qxd3 19.Qxd3 Nxd3 20.Rd1 Rd8 21.b3 a6
22.Nc1 Nb4 23.Rxd8+ Bxd8 24.Kf2 Be7 25.Ke2 Kf7 26.Kd2 Ke8 27.Kc3 Kd7 28.Bd2 Bd6
29.Nd3 Nc6 30.Be3 Ne7 31.Nc5+ Bxc5 32.Bxc5 Ng6 33.g3 Kc6 34.Ba3 Nh8 35.Kd3 g5
36.h3 h5 37.Ke3 g4 38.h4 Ng6 39.Bb4 Kb5 40.Bd6 Kc6 41.Ba3 a5 42.Kd3 b6 43.Bb2 b5
44.Bc3 b4 45.Bd2 Kb5 46.Bg5 Nf8 47.Bc1 Nd7 48.Be3 Nb8 49.Bg5 Na6 50.Be7 Nc5+
51.Bxc5 Kxc5  1/2-1/2

[Event "Tch-AUT 2000-01"]
[Site "Graz AUT"]
[Date "2001.01.20"]
[Round "7"]
[White "Wittmann,W"]
[Black "Schwarz,M"]
[Result "1/2-1/2"]
[WhiteElo "2369"]
[BlackElo "2367"]

1.e4 c5 2.Nc3 Nc6 3.Bb5 g6 4.Bxc6 bxc6 5.d3 Bg7 6.Nge2 d6 7.O-O e5 8.f4 f6
9.Be3 Nh6 10.h3 O-O  1/2-1/2

[Event "Corus Reserve Gp"]
[Site "Wijk aan Zee NED"]
[Date "2001.01.22"]
[Round "6"]
[White "Van den Berg,Ad"]
[Black "Wiersma,E"]
[Result "0-1"]
[WhiteElo "2210"]
[BlackElo "2404"]

1.e4 c5 2.Nc3 Nc6 3.Nge2 g6 4.d4 cxd4 5.Nxd4 Bg7 6.Be3 Nf6 7.Be2 O-O 8.f4 d6
9.O-O Nxd4 10.Bxd4 Be6 11.f5 Bd7 12.g4 h6 13.Nd5 Bc6 14.Bxf6 Bxf6 15.Nxf6+ exf6
16.Qd4 Qe7 17.fxg6 fxg6 18.Bc4+ Kg7 19.Bd5 Rac8 20.Rf2 Bxd5 21.Qxd5 Rc5 22.Qd4 Qe6
23.Raf1 Qxg4+ 24.Kh1 Qe6 25.e5 Rxe5 26.Qxa7 Qd5+ 27.Rg2 Re2 28.Qg1 Rc8 29.Rd1 Qxg2+  0-1

[Event "ch-POL Boys U18"]
[Site "Zakopane POL"]
[Date "2001.01.23"]
[Round "8"]
[White "Stoma,P"]
[Black "Moldawski,T"]
[Result "0-1"]
[WhiteElo "2209"]
[BlackElo "2021"]

1.e4 c5 2.Nc3 Nc6 3.Bb5 Nd4 4.Bc4 g6 5.Nf3 Bg7 6.Nxd4 cxd4 7.Qf3 e6 8.Nb5 Be5
9.Qd3 Qb6 10.c3 dxc3 11.dxc3 a6 12.Be3 Qc6 13.Nd4 Qc7 14.a4 b6 15.Ne2 Ne7
16.f4 Bg7 17.O-O O-O 18.f5 d5 19.exd5 exd5 20.Bxd5 Nxd5 21.Qxd5 Bxf5 22.Nd4 Rad8
23.Qb3 Bd3 24.Rf2 Bc4 25.Qc2 Rfe8 26.Rf3 Bd5 27.Rh3 Rxe3  0-1

[Event "ch-POL Boys U16"]
[Site "Zakopane POL"]
[Date "2001.01.23"]
[Round "8"]
[White "Tekielak,S"]
[Black "Szoen,D"]
[Result "0-1"]
[WhiteElo "2157"]
[BlackElo "2152"]

1.e4 c5 2.Nc3 Nc6 3.Bb5 Nd4 4.a4 g6 5.Nge2 Nxb5 6.Nxb5 a6 7.Nbc3 Bg7 8.O-O e6
9.Ng3 Ne7 10.d3 O-O 11.Bg5 h6 12.Bxe7 Qxe7 13.f4 f5 14.exf5 gxf5 15.Qe2 b6
16.Nd1 Bb7 17.c3 Qf7 18.Ne3 b5 19.Nc2 Kh7 20.Ne1 b4 21.Qd2 d6 22.cxb4 Bd4+
23.Kh1 Rg8 24.Nf3 Rxg3 25.hxg3 Qh5+ 26.Nh4 Rg8 27.Qd1 Rg4 28.Qe1 Rxh4+ 29.gxh4 Qg4  0-1

[Event "ch-POL Boys U16"]
[Site "Zakopane POL"]
[Date "2001.01.25"]
[Round "10"]
[White "Tekielak,S"]
[Black "Zimolzak,P"]
[Result "0-1"]
[WhiteElo "2157"]
[BlackElo "2052"]

1.e4 c5 2.Nc3 Nc6 3.Bb5 Nd4 4.a4 g6 5.Nge2 Bg7 6.O-O a6 7.Bc4 e6 8.Ng3 Ne7
9.d3 O-O 10.Bg5 h6 11.Bxe7 Qxe7 12.f4 d6 13.f5 Bd7 14.a5 Qg5 15.Rf2 Nc6 16.Kh1 Ne5
17.Bb3 Ng4 18.Rf3 Be5 19.h3 Nf2+ 20.Rxf2 Qxg3 21.Kg1 Bd4 22.Qf3 Qxf3 23.gxf3 Bxf2+
24.Kxf2 Kg7 25.fxg6 fxg6  0-1

[Event "ch-POL Boys U16"]
[Site "Zakopane POL"]
[Date "2001.01.25"]
[Round "10"]
[White "Machaj,B"]
[Black "Czakon,J"]
[Result "1-0"]
[WhiteElo "2196"]
[BlackElo "2083"]

1.e4 c5 2.Nc3 Nc6 3.Nf3 e6 4.Bb5 Nd4 5.a4 Nxb5 6.axb5 d6 7.d4 cxd4 8.Qxd4 a6
9.bxa6 Rxa6 10.Rxa6 bxa6 11.O-O Nf6 12.Rd1 Be7 13.e5 dxe5 14.Qc4 Bd7 15.Nxe5 Qc8
16.Rxd7 Qxc4 17.Rxe7+ Kxe7 18.Nxc4 Rc8 19.b3 Nd5 20.Ba3+ Kf6 21.Bb2 Ke7 22.Kf1 f6
23.Nxd5+ exd5 24.Ne3 Ke6 25.Ke2 a5 26.Kd3 Rb8 27.Ba3 Ke5 28.f4+ Ke6 29.Kd4 g6
30.Nxd5 Rd8 31.c4 Rb8 32.Kc3  1-0

[Event "ch-POL Boys U16"]
[Site "Zakopane POL"]
[Date "2001.01.26"]
[Round "11"]
[White "Heberla,B"]
[Black "Singer,K"]
[Result "1-0"]
[WhiteElo "2364"]
[BlackElo "2116"]

1.e4 c5 2.Nc3 Nc6 3.Bb5 Nd4 4.Bc4 g6 5.Nf3 Bg7 6.Nxd4 cxd4 7.Qf3 e6 8.Nb5 d6
9.Qa3 Ke7 10.c3 Qb6 11.d3 f5 12.Bg5+ Bf6 13.Bxf6+ Kxf6 14.cxd4 Nh6 15.e5+ dxe5
16.dxe5+ Kf7 17.Nd6+ Kg7 18.Nxc8 Rhxc8 19.Qe7+ Nf7 20.Qf6+ Kg8 21.Bxe6 Qb4+
22.Kf1 Rc7 23.Bb3 Qd4 24.Qd6 Qxd6 25.exd6 Rd7 26.Rc1 Rad8 27.Rc7 Rxc7 28.dxc7 Rc8
29.Ke2 Rxc7 30.Kd2 Kg7 31.Re1 Nd6 32.Re6 Rd7 33.Ke3 h6 34.f3 Nc8 35.d4 Ne7
36.g4 g5 37.h3 fxg4 38.hxg4 Ng6 39.Bc2 Re7 40.Rxe7+ Nxe7 41.Be4 b6 42.Kd3 Kf6
43.Kc4 Ke6 44.Kb5 Nd5 45.Bxd5+ Kxd5 46.Ka6 Kxd4 47.Kxa7 Ke3 48.Kxb6 Kxf3
49.a4 h5 50.a5 hxg4 51.a6 g3 52.a7 g2 53.a8=Q+ Kg3 54.Qb8+ Kh3 55.Qh8+ Kg3
56.Qe5+  1-0

[Event "ch-POL Girls U16"]
[Site "Zakopane POL"]
[Date "2001.01.26"]
[Round "11"]
[White "Maszota,N"]
[Black "Toma,K"]
[Result "1-0"]
[WhiteElo "2033"]
[BlackElo "2101"]

1.e4 c5 2.Nc3 Nc6 3.Bb5 Nd4 4.Bc4 g6 5.Nf3 e6 6.Nxd4 cxd4 7.Nb5 Qb6 8.c3 Bg7
9.Nxd4 Bxd4 10.cxd4 Qxd4 11.d3 Ne7 12.O-O O-O 13.Rb1 d5 14.Be3 Qg7 15.Bb3 Bd7
16.Qd2 Rfe8 17.Bh6 Qd4 18.Be3 Qg7 19.Rfc1 Bc6 20.f3 Red8 21.Qf2 d4 22.Bg5 Rd7
23.Qh4 Nc8 24.Bf6 Qf8 25.Rc4 Nb6 26.Rxd4 Bb5 27.Rd1 h5 28.Qg5 Rxd4 29.Bxd4 Bd7
30.Qf6 Qh6 31.f4 Rf8 32.Rf1  1-0

[Event "It"]
[Site "Bajmok YUG"]
[Date "2001.01.27"]
[Round "2"]
[White "Smolovic,M"]
[Black "Rajkovic,Du"]
[Result "0-1"]
[WhiteElo "2390"]
[BlackElo "2491"]

1.e4 c5 2.Nc3 Nc6 3.Nge2 g6 4.d4 cxd4 5.Nxd4 Bg7 6.Nde2 h5 7.h3 h4 8.Be3 Nf6
9.Qd2 b5 10.f3 Qa5 11.Nd4 b4 12.Nxc6 dxc6 13.Ne2 Nh5 14.Nd4 O-O 15.Nxc6 Qc7
16.Nxb4 Ng3 17.Rg1 Nxf1 18.Rxf1 Bxb2 19.Nd5 Qg3+ 20.Bf2 Qxg2 21.Qh6 Re8 22.c3 Ba6
23.Rg1 Qxf3 24.Rxg6+ fxg6 25.Qxg6+ Kf8 26.Qh6+ Kf7 27.Qh7+ Ke6 28.Nc7+ Kd7
29.Nxa6 Bxa1 30.Qh6 Bxc3+ 31.Kf1 Qd3+ 32.Kg1 Rg8+ 33.Kh2 Be5+  0-1

[Event "It Blind"]
[Site "Linares ESP"]
[Date "2001.02.01"]
[Round "7"]
[White "Bjerring,K"]
[Black "Zoltek,T"]
[Result "1/2-1/2"]
[WhiteElo "2311"]
[BlackElo "2304"]

1.e4 c5 2.Nf3 Nc6 3.Nc3 e5 4.d3 Be7 5.Be2 d6 6.Nd2 Nf6 7.O-O O-O 8.Nc4 Rb8
9.a4 a6 10.Ne3 Ne8 11.Bg4 Bg5 12.Ncd5 Bxe3 13.Bxe3 Be6 14.f4 Bxd5 15.exd5 exf4
16.Bxf4 Ne7 17.c4 Ng6 18.Bg3 b5 19.axb5 axb5 20.b3 bxc4 21.bxc4 Qg5 22.Bd7 Nf6
23.Bf5 Nh4 24.Qc1 Qxc1 25.Raxc1 Nxf5 26.Rxf5 Rb6 27.Rff1 Rfb8 28.Ra1 Ne8
29.Ra7 R6b7 30.Ra6 Rb6 31.Rfa1 Rxa6 32.Rxa6 Rd8 33.Kf2 Rd7 34.Ke3 Kf8 35.Bf4 Ke7
36.d4 cxd4+ 37.Kxd4 Rb7 38.g3 h6 39.h4 Rd7 40.c5 dxc5+ 41.Kxc5 Nf6 42.d6+ Ke6
43.Ra1 Ne4+ 44.Kc6 Rd8 45.Kc7 Rd7+ 46.Kc6 Rd8 47.Kc7 Rd7+ 48.Kc6 Rd8  1/2-1/2

[Event "6th HIT Open"]
[Site "Nova Gorica SLO"]
[Date "2001.02.02"]
[Round "9"]
[White "Ulucan,T"]
[Black "Arduman,C"]
[Result "0-1"]
[WhiteElo "2074"]
[BlackElo "2375"]

1.e4 c5 2.Nf3 Nc6 3.Nc3 e5 4.Bc4 d6 5.d3 h6 6.Nd2 Nf6 7.Nf1 a6 8.a4 Bg4 9.f3 Be6
10.Ne3 Nb4 11.Qe2 Be7 12.O-O g5 13.Ncd5 Nbxd5 14.Nxd5 Nxd5 15.Bxd5 Bxd5 16.exd5 O-O
17.g3 f5 18.a5 Qd7 19.Bd2 Bf6 20.Rab1 Rae8 21.g4 e4 22.fxe4 fxe4 23.dxe4 Qa4
24.c4 Qc2 25.Rbe1 Bd4+ 26.Kh1 Rxf1+ 27.Rxf1 Qxe4+ 28.Qxe4 Rxe4 29.h3 Bxb2
30.Re1 Rxc4 31.Re7 Be5 32.Rxb7 Rc2 33.Be3 Ra2 34.Ra7 Rxa5 35.Kg2 Ra3 36.Bf2 c4  0-1

[Event "TCh-FRA"]
[Site "Monaco FRA"]
[Date "2001.02.03"]
[Round "2"]
[White "Lepelletier,B"]
[Black "Bujisho,B"]
[Result "1-0"]
[WhiteElo "2467"]
[BlackElo "2368"]

1.e4 c5 2.Nc3 Nc6 3.Nge2 e6 4.h3 a6 5.g3 b5 6.Bg2 Qb6 7.O-O c4 8.b3 cxb3
9.axb3 Bc5 10.Bb2 Nge7 11.d4 Nxd4 12.Nxd4 Bxd4 13.Na4 bxa4 14.Bxd4 Qc7 15.Bxg7 Rg8
16.Bf6 axb3 17.cxb3 Rg6 18.Rc1 Qb8 19.Qd4 Bb7 20.Rfd1 d6 21.Bxe7 Kxe7 22.Qb6 Kf6
23.Rc7 Bc8 24.Qd4+ Kg5 25.Rxf7  1-0

[Event "TCh-FRA"]
[Site "Monaco FRA"]
[Date "2001.02.04"]
[Round "3"]
[White "Lepelletier,B"]
[Black "Kazhgaleyev,M"]
[Result "0-1"]
[WhiteElo "2467"]
[BlackElo "2571"]

1.e4 c5 2.Nc3 Nc6 3.Nge2 g6 4.g3 Bg7 5.Bg2 e5 6.Nd5 Nge7 7.O-O d6 8.f4 O-O
9.fxe5 Nxd5 10.exd5 Nxe5 11.d3 Re8 12.h3 Qe7 13.Nc3 f5 14.Kh1 Bd7 15.a4 Nf7
16.Bd2 Be5 17.Bf4 g5 18.Bxe5 Qxe5 19.Qf3 Qg7 20.Qf2 a6 21.a5 Re7 22.Rfe1 Rae8
23.Rxe7 Rxe7 24.Re1 Rxe1+ 25.Qxe1 Qf6 26.Nd1 f4 27.gxf4 gxf4 28.b4 cxb4 29.Qxb4 Qh4
30.Qe4 Bxh3 31.Bxh3 Qxh3+ 32.Kg1 Qh4 33.Nf2 Kf8 34.Kf1 h5 35.Qe6 f3 36.Qe3 Qg3
37.Ke1 h4 38.Kd2 h3 39.Ne4 Qg2+ 40.Kc3 h2  0-1

[Event "ch-ROM"]
[Site "Baile Tusnad ROM"]
[Date "2001.02.05"]
[Round "1"]
[White "Ionescu,D"]
[Black "Nanu,C"]
[Result "1/2-1/2"]
[WhiteElo "2390"]
[BlackElo "2418"]

1.e4 c5 2.Nc3 Nc6 3.Nf3 g6 4.Bb5 Bg7 5.d3 Nd4 6.Bc4 e6 7.O-O Ne7 8.Bf4 d6
9.Nxd4 cxd4 10.Ne2 O-O 11.Qd2 d5 12.Bb3 e5 13.Bg5 f6 14.Bh6 Be6 15.Bxg7 Kxg7
16.f4 Qd6 17.Ng3 Nc6 18.fxe5 Nxe5 19.Qf2 Nc6 20.Rae1 a5 21.Ba4 Qb4 22.Bxc6 bxc6
23.Ne2 dxe4 24.Nxd4 Bg8 25.Rxe4 Qxb2 26.Re7+ Kh8 27.Rfe1 a4 28.Qh4 g5 29.Qe4 Qb4
30.c4 Rf7 31.Re6 Rd7 32.Nf5 Bxe6 33.Qxe6 Rf8 34.Re3 Rxd3 35.Re1 Rd2 36.h3 Qb2
37.Qxc6 Rf2 38.Ng3 Qxa2 39.Nh5 Re2 40.Rf1 a3 41.Qb7 Rg8 42.Nxf6 Rxg2+ 43.Qxg2 Qxg2+
44.Kxg2 Rf8  1/2-1/2